000 00517nam a2200205Ia 4500
005 20230410094436.0
008 131103s9999 xx 000 0 und d
020 _a500140189
040 _aLoreto College
041 _aEnglish
082 _a822.91
_bBEC-KEN
100 _aKenner, Hugh
245 2 _aA Reader's guide to Samuel Beckett
_cHugh, Kenner
260 _aLondon
_bThames and Hudson
_c1973
300 _a208p.
504 _aIncludes index
650 _aEnglish plays
850 _aLCLIB
942 _cBK
999 _c21966
_d72445